Functional Analysis (Record no. 247831)

MARC details
000 -LEADER
fixed length control field 00423nam a2200181Ia 4500
008 - FIXED-LENGTH DATA ELEMENTS--GENERAL INFORMATION
fixed length control field 240921s9999||||xx |||||||||||||| ||und||
082 ## - DEWEY DECIMAL CLASSIFICATION NUMBER
-- 515.7 M9
100 ## - MAIN ENTRY--PERSONAL NAME
Personal name Rudin,Walter
245 #0 - TITLE STATEMENT
Title Functional Analysis
250 ## - EDITION STATEMENT
Edition statement 1st
260 ## - PUBLICATION, DISTRIBUTION, ETC. (IMPRINT)
Date of publication, distribution, etc 1989
Name of publisher, distributor, etc TMH,New Delhi
500 ## - GENERAL NOTE
General note Convexity
650 ## - SUBJECT ADDED ENTRY--TOPICAL TERM
Topical term or geographic name as entry element Functional Analysis
942 ## - ADDED ENTRY ELEMENTS (KOHA)
Item type Books
Holdings
Withdrawn status Lost status Damaged status Permanent location Current location Shelving location Date acquired Source of acquisition Cost, normal purchase price Full call number Barcode Date last seen Koha item type
      CENTRAL LIBRARY, NOORUL ISLAM CENTRE FOR HIGHER EDUCATION CENTRAL LIBRARY, NOORUL ISLAM CENTRE FOR HIGHER EDUCATION Mathematics 05/09/2003 Padma Book Stall 57.00 515.7 M9 786 09/21/2024 Books
Visitors:
Copyright © 2024 Central Library NICHE.  All rights reserved.